Statystyki dla Co to za model BMW?

Kliknij tutaj aby rozwiązać quiz!

Ogólne statystyki

  • Ten quiz został rozwiązany 169 razy
  • Średni wynik to 7 z 9

Statystyki odpowiedzi

Odpowiedź% Poprawnych
e46
91%
e36
82%
e60
77%
x3
75%
e92
73%
x6
73%
e39
72%
x3
70%
e38
65%

Rozkład punktacji

Percentyl według liczby udzielonych odpowiedzi

Procent ludzi z każdym wynikiem

Twoja historia wyników

Nie rozwiązałeś tego quizu